000 01401cam a2200409 i 4500
999 _c200431389
_d49601
001 200431389
003 TR-AnTOB
005 20210820160827.0
007 ta
008 180418t20182018sz ad b 001 0 eng d
010 _a2018942751
020 _a9783319915234
_qhardback
020 _z9783319915241
_qelectronic book
035 _a(OCoLC)on1031341157
035 _aucoclc1031341157
040 _aYDX
_beng
_erda
_cYDX
_dTR-AnTOB
041 0 _aeng
050 1 4 _aHG1975
090 _aHG1975
_b.D379 2018
100 1 _aDelikanli, Ihsan Ugur
_eauthor
_9122494
245 1 0 _aMultilateral development banks :
_bgovernance and finance /
_cIhsan Ugur Delikanli, Todor Dimitrov, Roena Agolli.
264 1 _aCham :
_bPalgrave Macmillan imprint published by Springer International Publishing AG,
_c2018.
264 4 _c©2018
300 _axvii, 206 pages :
_billustrations, charts ;
_c25 cm
336 _atext
_btxt
_2rdacontent
336 _astill image
_bsti
_2rdacontent
337 _aunmediated
_bn
_2rdamedia
338 _avolume
_bnc
_2rdacarrier
504 _aIncludes bibliographical references and index.
650 0 _aEconomic development
_xFinance
_9122495
650 0 _aDevelopment banks
_9122946
700 1 _aDimitrov, Todor,
_q(Todor Georgiev),
_d1943-
_eauthor
_9122496
700 1 _aAgolli, Roena
_eauthor
_9122497
942 _2lcc
_cBK